Erkenne Musiker*innen - 1 - Statistiken

Allgemein
  • Dieses Quiz wurde 1.554 mal gespielt
  • Das Durchschnittsergebnis liegt bei 7 aus 10
Antwortstatistiken
Bildquiz Antwort % Korrekt
Michael Jackson
95%
Elvis Presley
93%
Eminem
92%
Freddie Mercury
85%
Bob Marley
81%
John Lennon
78%
Kurt Cobain
66%
Stevie Wonder
42%
Slash
33%
Angus Young
28%
Keine übereinstimmenden Quizze gefunden
Verteilung der Resultate
Anzahl Personen mit jedem Resultat
Perzentil nach korrekt beantworteten Fragen
Ihre Resultats-Entwicklung
Sie haben dieses Quiz noch nicht gespielt